Virtuální polytechnická knihovna - Souborný katalog - Úplný záznam dokumentu - MARC Uživatel: --- 
-----nas  22-----zu 4500
001 SKVPK0031875
003 CZ-VPK
005 20260422143559.0
008 260422d19571968||||| | |||  ||   |||||||
040   $aABA013$bcze
222  0$aOECD General Statistics : Main economic indicators.
245 00$aOECD General Statistics : Main economic indicators.
260   $aFrance :$bParis : vl. n.,$c1957-1968
650 07$aekonomické vědy$xev$2psh
780 00$tBulletins statistiques de l OCDE
785 00$tOECD - Main Economic Indicators
910   $aABA013$r1957-1968
OAI-PMH
 čtvrtek 14.05.2026 05:05:36 © 2001-2015 Národní technická knihovna 

[Virtuální polytechnická knihovna] [Servisní centrum] [Souborný katalog]